000 00885nam a22002417a 4500
003 OSt
005 20220924113657.0
006 a|||||r|||| 00| 0
007 ta
008 220923b |||||||| |||| 00| 0 hin d
024 _a197781
037 _cGeneral Books
040 _aARTS
_cARTS
_bhin
041 _2hin
_ahin
082 _aO152,2M50,1:g, L8-;2(EPH)
100 _aशर्मा, कृष्णदेव
_91722
245 0 _aनीलदेवीः मूल पाठ, आलोचना एवं निशद व्याख्या
246 _aNīladevīah mūl pāṭha, ālochanā evan nishad vyākhyā
260 _aदिल्ली,
_bअशोक प्रकाशन
_c1972
300 _a148 पृ0
942 _hO152,2M50,1:g, L8-;2(EPH)
_cGB
_2CC
999 _c390434
_d390434